[Event "EU-Cup 27th"]
[Site "Rogaska Slatina"]
[Date "2011.09.30"]
[Round "6"]
[White "Tisdall, Jonathan D"]
[Black "Heimann, Andreas"]
[Result "1/2-1/2"]
[WhiteElo "2410"]
[BlackElo "2485"]
[PlyCount "60"]
[EventDate "2011.09.25"]
[EventType "team-swiss"]
[EventRounds "7"]
[EventCountry "SLO"]
[SourceTitle "CBM 145"]
[Source "ChessBase"]
[SourceDate "2011.11.11"]
[SourceVersion "1"]
[SourceVersionDate "2011.11.11"]
[SourceQuality "1"]
[WhiteTeam "Asker"]
[BlackTeam "Reichenstein"]
[WhiteTeamCountry "NOR"]
[BlackTeamCountry "SUI"]

1. Nf3 Nf6 2. c4 g6 3. Nc3 Bg7 4. e4 d6 5. d4 0-0 6. Be2 e5 7. Be3 Ng4 8. Bg5 f6 9. Bh4 g5 10. Bg3 Nh6 11. c5 Nc6 12. cxd6 cxd6 13. dxe5 dxe5 14. Bc4+ Kh8 15. Qxd8 Rxd8 16. h3 Bd7 17. 0-0-0 Be8 18. Rxd8 Rxd8 19. Rd1 Rxd1+ 20. Kxd1 Bh5 21. Be2 Bf8 22. Nd2 Bf7 23. Bc4 Kg7 24. f3 Bc5 25. Bxf7 Kxf7 26. Nb3 Bg1 27. Ke2 Ke6 28. Nd5 Ng8 29. h4 Nge7 30. Nxe7 Kxe7 1/2-1/2